| 000 | 00273 a2200121 4500 | ||
|---|---|---|---|
| 999 |
_c321838 _d321838 |
||
| 001 | 86765 | ||
| 003 | NUST | ||
| 005 | 20180124093627.0 | ||
| 008 | 180124b xxu||||| |||| 00| 0 eng d | ||
| 082 | _a813 KIN | ||
| 100 |
_aKinney, Jeff _99286 |
||
| 245 |
_aDiary of a wimpy Kid _hEnglish |
||
| 260 |
_aUK _bPuffin Books _c2010 |
||
| 300 | _a217p. | ||
| 942 |
_aCAE NUST _cBK _k813 KIN _2ddc |
||